<?xml version="1.0" encoding="UTF-8"?>
<record
    xmlns:xsi="http://www.w3.org/2001/XMLSchema-instance"
    xsi:schemaLocation="http://www.loc.gov/MARC21/slim http://www.loc.gov/standards/marcxml/schema/MARC21slim.xsd"
    xmlns="http://www.loc.gov/MARC21/slim">

  <leader>01833nam a22003857a 4500</leader>
  <controlfield tag="003">AR-BeUNQ</controlfield>
  <controlfield tag="005">20250404133256.0</controlfield>
  <controlfield tag="008">250404b        |||||||| |||| 00| 0 spa d</controlfield>
  <datafield tag="020" ind1=" " ind2=" ">
    <subfield code="a">978987576966</subfield>
  </datafield>
  <datafield tag="040" ind1=" " ind2=" ">
    <subfield code="a">AR-BeUNQ</subfield>
    <subfield code="b">spa</subfield>
    <subfield code="c">AR-BeUNQ</subfield>
    <subfield code="e">aacr</subfield>
  </datafield>
  <datafield tag="082" ind1=" " ind2=" ">
    <subfield code="2">21</subfield>
    <subfield code="a">530 BUL</subfield>
  </datafield>
  <datafield tag="100" ind1=" " ind2=" ">
    <subfield code="a">Bulwick, Marta</subfield>
    <subfield code="c">comp.</subfield>
    <subfield code="d">1960</subfield>
  </datafield>
  <datafield tag="245" ind1=" " ind2=" ">
    <subfield code="a">F&#xED;sico Quimica : </subfield>
    <subfield code="h">Educacion Secundaria 3&#xB0; a&#xF1;o</subfield>
  </datafield>
  <datafield tag="250" ind1=" " ind2=" ">
    <subfield code="a">1a.ed</subfield>
  </datafield>
  <datafield tag="260" ind1=" " ind2=" ">
    <subfield code="a">Buenos Aires : </subfield>
    <subfield code="b">Tinta Fresca,</subfield>
    <subfield code="c">2011</subfield>
  </datafield>
  <datafield tag="300" ind1=" " ind2=" ">
    <subfield code="a">240 p. ;</subfield>
    <subfield code="b">il. ;</subfield>
    <subfield code="c">21 x 28 cm</subfield>
  </datafield>
  <datafield tag="500" ind1=" " ind2=" ">
    <subfield code="a">Ense&#xF1;anza de la Fisica  y Qu&#xED;mica.</subfield>
  </datafield>
  <datafield tag="600" ind1="1" ind2="0">
    <subfield code="a">Rubinstein, Jorge</subfield>
    <subfield code="c">comp.</subfield>
    <subfield code="d">1960</subfield>
  </datafield>
  <datafield tag="650" ind1=" " ind2=" ">
    <subfield code="a">Fisica</subfield>
    <subfield code="2">spines</subfield>
  </datafield>
  <datafield tag="651" ind1=" " ind2=" ">
    <subfield code="2">unescot</subfield>
    <subfield code="a">Argentina</subfield>
  </datafield>
  <datafield tag="655" ind1=" " ind2=" ">
    <subfield code="2">spines</subfield>
    <subfield code="a">Libro de texto.</subfield>
  </datafield>
  <datafield tag="700" ind1=" " ind2=" ">
    <subfield code="a">Rubenstein, Jorge.</subfield>
    <subfield code="t">comp.</subfield>
  </datafield>
  <datafield tag="929" ind1=" " ind2=" ">
    <subfield code="a">DONACION</subfield>
    <subfield code="b">Ministerio de Educaci&#xF3;n  la Naci&#xF3;n</subfield>
    <subfield code="c">0</subfield>
    <subfield code="d">0</subfield>
    <subfield code="e">12/10/2021</subfield>
    <subfield code="f">PAT0083093</subfield>
    <subfield code="h">7</subfield>
    <subfield code="j">59258</subfield>
  </datafield>
  <datafield tag="929" ind1=" " ind2=" ">
    <subfield code="a">DONACION</subfield>
    <subfield code="b">Ministerio de Educaci&#xF3;n  la Naci&#xF3;n</subfield>
    <subfield code="c">0</subfield>
    <subfield code="d">0</subfield>
    <subfield code="e">12/10/21</subfield>
    <subfield code="f">PAT0083092</subfield>
    <subfield code="h">9</subfield>
    <subfield code="j">59260</subfield>
  </datafield>
  <datafield tag="929" ind1=" " ind2=" ">
    <subfield code="a">DONACION</subfield>
    <subfield code="b">Ministerio de Educaci&#xF3;n  la Naci&#xF3;n</subfield>
    <subfield code="c">0</subfield>
    <subfield code="d">0</subfield>
    <subfield code="e">12/10/21</subfield>
    <subfield code="f">PAT0083094</subfield>
    <subfield code="h">16</subfield>
    <subfield code="j">59257</subfield>
  </datafield>
  <datafield tag="929" ind1=" " ind2=" ">
    <subfield code="a">DONACION</subfield>
    <subfield code="b">Ministerio de Educaci&#xF3;n  la Naci&#xF3;n</subfield>
    <subfield code="c">0</subfield>
    <subfield code="d">0</subfield>
    <subfield code="e">12/12/21</subfield>
    <subfield code="f">PAT0083095</subfield>
    <subfield code="h">5</subfield>
    <subfield code="j">59256</subfield>
  </datafield>
  <datafield tag="929" ind1=" " ind2=" ">
    <subfield code="a">DONACION</subfield>
    <subfield code="b">Ministerio de Educaci&#xF3;n  de  la Naci&#xF3;n</subfield>
    <subfield code="c">0</subfield>
    <subfield code="d">0</subfield>
    <subfield code="e">12/10/21</subfield>
    <subfield code="f">PAT 0083096</subfield>
    <subfield code="h">3</subfield>
    <subfield code="j">58938</subfield>
  </datafield>
  <datafield tag="929" ind1=" " ind2=" ">
    <subfield code="a">DONACION</subfield>
    <subfield code="b">Ministerio de Educaci&#xF3;n de la Naci&#xF3;n</subfield>
    <subfield code="c">0</subfield>
    <subfield code="d">0</subfield>
    <subfield code="e">21/1021</subfield>
    <subfield code="f">PAT 0083097</subfield>
    <subfield code="h">3</subfield>
    <subfield code="j">58937</subfield>
  </datafield>
  <datafield tag="929" ind1=" " ind2=" ">
    <subfield code="a">DONACION</subfield>
    <subfield code="b">Ministerio de Educaci&#xF3;n  la Naci&#xF3;n</subfield>
    <subfield code="c">0</subfield>
    <subfield code="d">0</subfield>
    <subfield code="e">12/1021</subfield>
    <subfield code="f">PAT 0083097</subfield>
  </datafield>
  <datafield tag="929" ind1=" " ind2=" ">
    <subfield code="a">DONACION</subfield>
    <subfield code="b">Ministerio de Educaci&#xF3;n  la Naci&#xF3;n</subfield>
    <subfield code="c">0</subfield>
    <subfield code="d">0</subfield>
    <subfield code="e">10/10/21</subfield>
    <subfield code="f">PAT00883101</subfield>
    <subfield code="h">8</subfield>
    <subfield code="j">59259</subfield>
  </datafield>
  <datafield tag="929" ind1=" " ind2=" ">
    <subfield code="a">DONACION</subfield>
    <subfield code="b">Ministerio de Educaci&#xF3;n  la Naci&#xF3;n</subfield>
    <subfield code="c">0</subfield>
    <subfield code="d">0</subfield>
    <subfield code="e">12/10/21</subfield>
    <subfield code="f">PAY0083098</subfield>
    <subfield code="h">23</subfield>
    <subfield code="j">59269</subfield>
  </datafield>
  <datafield tag="929" ind1=" " ind2=" ">
    <subfield code="a">DONACION</subfield>
    <subfield code="b">Ministerio de Educaci&#xF3;n  la Naci&#xF3;n</subfield>
    <subfield code="c">0</subfield>
    <subfield code="d">0</subfield>
    <subfield code="e">10/12/21</subfield>
    <subfield code="f">PAT0083099</subfield>
    <subfield code="h">22</subfield>
    <subfield code="j">59272</subfield>
  </datafield>
  <datafield tag="929" ind1=" " ind2=" ">
    <subfield code="a">DONACION</subfield>
    <subfield code="b">0</subfield>
    <subfield code="c">0</subfield>
    <subfield code="d">0</subfield>
    <subfield code="e">12/10/21</subfield>
    <subfield code="f">PAT0083</subfield>
    <subfield code="h">21</subfield>
    <subfield code="j">59271</subfield>
  </datafield>
  <datafield tag="942" ind1=" " ind2=" ">
    <subfield code="c">LIB</subfield>
  </datafield>
  <datafield tag="999" ind1=" " ind2=" ">
    <subfield code="c">1065</subfield>
    <subfield code="d">1065</subfield>
  </datafield>
  <datafield tag="952" ind1=" " ind2=" ">
    <subfield code="0">0</subfield>
    <subfield code="1">0</subfield>
    <subfield code="a">BIBESET</subfield>
    <subfield code="b">BIBESET</subfield>
    <subfield code="c">circulacion</subfield>
    <subfield code="d">2021-10-12</subfield>
    <subfield code="h">Ej. 9</subfield>
    <subfield code="l">0</subfield>
    <subfield code="o">530 / FIS</subfield>
    <subfield code="r">2024-11-14</subfield>
    <subfield code="w">2024-11-14</subfield>
    <subfield code="y">LIB</subfield>
  </datafield>
  <datafield tag="952" ind1=" " ind2=" ">
    <subfield code="0">0</subfield>
    <subfield code="1">0</subfield>
    <subfield code="a">BIBESET</subfield>
    <subfield code="b">BIBESET</subfield>
    <subfield code="c">circulacion</subfield>
    <subfield code="d">2021-10-12</subfield>
    <subfield code="h">Ej. 9</subfield>
    <subfield code="l">0</subfield>
    <subfield code="o">530 / FIS</subfield>
    <subfield code="r">2024-11-14</subfield>
    <subfield code="w">2024-11-14</subfield>
    <subfield code="y">LIB</subfield>
  </datafield>
  <datafield tag="952" ind1=" " ind2=" ">
    <subfield code="0">0</subfield>
    <subfield code="1">0</subfield>
    <subfield code="a">BIBESET</subfield>
    <subfield code="b">BIBESET</subfield>
    <subfield code="c">circulacion</subfield>
    <subfield code="d">2021-10-12</subfield>
    <subfield code="h">Ej. 9</subfield>
    <subfield code="l">0</subfield>
    <subfield code="o">530 / FIS</subfield>
    <subfield code="r">2024-11-14</subfield>
    <subfield code="w">2024-11-14</subfield>
    <subfield code="y">LIB</subfield>
  </datafield>
  <datafield tag="952" ind1=" " ind2=" ">
    <subfield code="0">0</subfield>
    <subfield code="1">0</subfield>
    <subfield code="a">BIBESET</subfield>
    <subfield code="b">BIBESET</subfield>
    <subfield code="c">circulacion</subfield>
    <subfield code="d">2021-10-12</subfield>
    <subfield code="h">Ej. 9</subfield>
    <subfield code="l">0</subfield>
    <subfield code="o">530 / FIS</subfield>
    <subfield code="r">2024-11-14</subfield>
    <subfield code="w">2024-11-14</subfield>
    <subfield code="y">LIB</subfield>
  </datafield>
  <datafield tag="952" ind1=" " ind2=" ">
    <subfield code="0">0</subfield>
    <subfield code="1">0</subfield>
    <subfield code="a">BIBESET</subfield>
    <subfield code="b">BIBESET</subfield>
    <subfield code="c">circulacion</subfield>
    <subfield code="d">2021-10-12</subfield>
    <subfield code="h">Ej. 9</subfield>
    <subfield code="l">0</subfield>
    <subfield code="o">530 / FIS</subfield>
    <subfield code="r">2024-11-14</subfield>
    <subfield code="w">2024-11-14</subfield>
    <subfield code="y">LIB</subfield>
  </datafield>
  <datafield tag="952" ind1=" " ind2=" ">
    <subfield code="0">0</subfield>
    <subfield code="1">0</subfield>
    <subfield code="a">BIBESET</subfield>
    <subfield code="b">BIBESET</subfield>
    <subfield code="c">circulacion</subfield>
    <subfield code="d">2021-10-12</subfield>
    <subfield code="h">Ej. 9</subfield>
    <subfield code="l">0</subfield>
    <subfield code="o">530 / FIS</subfield>
    <subfield code="r">2024-11-14</subfield>
    <subfield code="w">2024-11-14</subfield>
    <subfield code="y">LIB</subfield>
  </datafield>
  <datafield tag="952" ind1=" " ind2=" ">
    <subfield code="0">0</subfield>
    <subfield code="1">0</subfield>
    <subfield code="a">BIBESET</subfield>
    <subfield code="b">BIBESET</subfield>
    <subfield code="c">circulacion</subfield>
    <subfield code="d">2021-10-12</subfield>
    <subfield code="h">Ej. 9</subfield>
    <subfield code="l">0</subfield>
    <subfield code="o">530 / FIS</subfield>
    <subfield code="r">2024-11-14</subfield>
    <subfield code="w">2024-11-14</subfield>
    <subfield code="y">LIB</subfield>
  </datafield>
  <datafield tag="952" ind1=" " ind2=" ">
    <subfield code="0">0</subfield>
    <subfield code="1">0</subfield>
    <subfield code="a">BIBESET</subfield>
    <subfield code="b">BIBESET</subfield>
    <subfield code="c">circulacion</subfield>
    <subfield code="d">2021-10-12</subfield>
    <subfield code="h">Ej. 9</subfield>
    <subfield code="l">0</subfield>
    <subfield code="o">530 / FIS</subfield>
    <subfield code="r">2024-11-14</subfield>
    <subfield code="w">2024-11-14</subfield>
    <subfield code="y">LIB</subfield>
  </datafield>
  <datafield tag="952" ind1=" " ind2=" ">
    <subfield code="0">0</subfield>
    <subfield code="1">0</subfield>
    <subfield code="a">BIBESET</subfield>
    <subfield code="b">BIBESET</subfield>
    <subfield code="c">circulacion</subfield>
    <subfield code="d">2021-10-12</subfield>
    <subfield code="h">Ej. 9</subfield>
    <subfield code="l">0</subfield>
    <subfield code="o">530 / FIS</subfield>
    <subfield code="r">2024-11-14</subfield>
    <subfield code="w">2024-11-14</subfield>
    <subfield code="y">LIB</subfield>
  </datafield>
  <datafield tag="952" ind1=" " ind2=" ">
    <subfield code="0">0</subfield>
    <subfield code="1">0</subfield>
    <subfield code="a">BIBESET</subfield>
    <subfield code="b">BIBESET</subfield>
    <subfield code="c">circulacion</subfield>
    <subfield code="d">2021-10-12</subfield>
    <subfield code="h">Ej. 9</subfield>
    <subfield code="l">0</subfield>
    <subfield code="o">530 / FIS</subfield>
    <subfield code="r">2024-11-14</subfield>
    <subfield code="w">2024-11-14</subfield>
    <subfield code="y">LIB</subfield>
  </datafield>
  <datafield tag="952" ind1=" " ind2=" ">
    <subfield code="0">0</subfield>
    <subfield code="1">0</subfield>
    <subfield code="a">BIBESET</subfield>
    <subfield code="b">BIBESET</subfield>
    <subfield code="c">circulacion</subfield>
    <subfield code="d">2025-04-04</subfield>
    <subfield code="o">530 BUL</subfield>
    <subfield code="p">59271</subfield>
    <subfield code="r">2025-04-04</subfield>
    <subfield code="t">21</subfield>
    <subfield code="y">LIB</subfield>
    <subfield code="k">GA</subfield>
  </datafield>
  <datafield tag="952" ind1=" " ind2=" ">
    <subfield code="0">0</subfield>
    <subfield code="1">0</subfield>
    <subfield code="a">BIBESET</subfield>
    <subfield code="b">BIBESET</subfield>
    <subfield code="c">circulacion</subfield>
    <subfield code="d">2025-04-04</subfield>
    <subfield code="l">0</subfield>
    <subfield code="o">530 BUL</subfield>
    <subfield code="p">59272</subfield>
    <subfield code="r">2025-04-04</subfield>
    <subfield code="t">22</subfield>
    <subfield code="w">2025-04-04</subfield>
    <subfield code="y">LIB</subfield>
    <subfield code="k">GA</subfield>
  </datafield>
  <datafield tag="952" ind1=" " ind2=" ">
    <subfield code="0">0</subfield>
    <subfield code="1">0</subfield>
    <subfield code="a">BIBESET</subfield>
    <subfield code="b">BIBESET</subfield>
    <subfield code="c">circulacion</subfield>
    <subfield code="d">2025-04-04</subfield>
    <subfield code="l">0</subfield>
    <subfield code="o">530 BUL</subfield>
    <subfield code="r">2025-04-04</subfield>
    <subfield code="t">23</subfield>
    <subfield code="w">2025-04-04</subfield>
    <subfield code="y">LIB</subfield>
    <subfield code="k">GA</subfield>
  </datafield>
  <datafield tag="952" ind1=" " ind2=" ">
    <subfield code="0">0</subfield>
    <subfield code="1">0</subfield>
    <subfield code="a">BIBESET</subfield>
    <subfield code="b">BIBESET</subfield>
    <subfield code="c">circulacion</subfield>
    <subfield code="d">2025-04-04</subfield>
    <subfield code="l">0</subfield>
    <subfield code="o">530 BUL</subfield>
    <subfield code="p">59259</subfield>
    <subfield code="r">2025-04-04</subfield>
    <subfield code="t">8</subfield>
    <subfield code="w">2025-04-04</subfield>
    <subfield code="y">LIB</subfield>
    <subfield code="k">GA</subfield>
  </datafield>
</record>
